000 00595cam a22002053a 4500
001 34692
003 PGUSA
005 20140828083740.0
008 101219s2010||||xxu|||||s|||||000 | eng d
040 _aPGUSA
_beng
042 _adc
100 1 _aSandeau, Jules,
_d1811-1883
245 1 0 _aMademoiselle de la Seigliere, Volume I (of 2)
_h[electronic resource] /
_cJules Sandeau
260 _bProject Gutenberg,
_c2010
506 _aPublic domain in the USA.
516 _aElectronic text
830 0 _aProject Gutenberg
_v34692
856 4 0 _uhttp://www.gutenberg.org/ebooks/34692
942 _cEB
999 _c263947
_d263947